|
|
|
|
| LEADER |
02294nam a22003973i 4500 |
| 001 |
EBC6695128 |
| 003 |
MiAaPQ |
| 005 |
20231204023217.0 |
| 006 |
m o d | |
| 007 |
cr cnu|||||||| |
| 008 |
231204s2017 xx o ||||0 ger d |
| 020 |
|
|
|a 9783839438008
|q (electronic bk.)
|
| 020 |
|
|
|z 9783837638004
|
| 035 |
|
|
|a (MiAaPQ)EBC6695128
|
| 035 |
|
|
|a (Au-PeEL)EBL6695128
|
| 035 |
|
|
|a (OCoLC)984547166
|
| 040 |
|
|
|a MiAaPQ
|b eng
|e rda
|e pn
|c MiAaPQ
|d MiAaPQ
|
| 100 |
1 |
|
|a Seyfert, Robert.
|
| 245 |
1 |
0 |
|a Algorithmuskulturen :
|b Über die rechnerische Konstruktion der Wirklichkeit.
|
| 250 |
|
|
|a 1st ed.
|
| 264 |
|
1 |
|a Bielefeld :
|b transcript,
|c 2017.
|
| 264 |
|
4 |
|c {copy}2017.
|
| 300 |
|
|
|a 1 online resource (243 pages)
|
| 336 |
|
|
|a text
|b txt
|2 rdacontent
|
| 337 |
|
|
|a computer
|b c
|2 rdamedia
|
| 338 |
|
|
|a online resource
|b cr
|2 rdacarrier
|
| 490 |
1 |
|
|a Kulturen der Gesellschaft ;
|v v.26
|
| 505 |
0 |
|
|a Cover -- Inhalt -- 1. Was sind Algorithmuskulturen? -- 2. Die algorithmische Choreographie des beeindruckbaren Subjekts -- 3. #trendingistrending. Wenn Algorithmen zu Kultur werden -- 4. Die Online-Stimmen von Verbrauchern in Form bringen. Algorithmischer Apparat oder Bewertungskultur? -- 5. Den Algorithmus dekonstruieren. Vier Typen digitaler Informationsberechnung -- 6. ›Ver-rückt‹ durch einen Algorithmus. Immersive Audio: Mediation und Hörbeziehungen -- 7. Algorhythmische Ökosysteme. Neoliberale Kopplungen und ihre Pathogenese von 1960 bis heute -- 8. Drohnen: zur Materialisierung von Algorithmen -- 9. Social Bots als algorithmische Piraten und als Boten einer techno-environmentalen Handlungskraft -- Autoren -- Danksagung.
|
| 588 |
|
|
|a Description based on publisher supplied metadata and other sources.
|
| 590 |
|
|
|a Electronic reproduction. Ann Arbor, Michigan : ProQuest Ebook Central, 2023. Available via World Wide Web. Access may be limited to ProQuest Ebook Central affiliated libraries.
|
| 655 |
|
4 |
|a Electronic books.
|
| 700 |
1 |
|
|a Roberge, Jonathan.
|
| 776 |
0 |
8 |
|i Print version:
|a Seyfert, Robert
|t Algorithmuskulturen
|d Bielefeld : transcript,c2017
|z 9783837638004
|
| 797 |
2 |
|
|a ProQuest (Firm)
|
| 830 |
|
0 |
|a Kulturen der Gesellschaft
|
| 856 |
4 |
0 |
|u https://ebookcentral.proquest.com/lib/matrademy/detail.action?docID=6695128
|z Click to View
|